| 000 | 00414nab a2200145Ia 4500 | ||
|---|---|---|---|
| 003 | ES-SlBCS | ||
| 005 | 20210601135732.0 | ||
| 008 | 140529s1971 xxu||||| |||| 00| 0 spa d | ||
| 041 | _aspa | ||
| 100 | 1 |
_aJong, E. de _9236055 |
|
| 245 | 0 | 0 |
_aEl desarrollo litúrgico en Holanda _c E. de Jong |
| 650 | 0 | 4 |
_aLiturgia-Holanda _9236056 |
| 773 | 0 |
_tConcilium _gvol. 1, nº. 62, 1971, págs. 291-306 _wRev134 |
|
| 942 | _cAR | ||
| 999 |
_c633137 _d633137 |
||